|
|
|
|
| LEADER |
00941ncm a22002532a 4500 |
| 001 |
000478795 |
| 003 |
CZ BrMZK |
| 005 |
20111017124533.0 |
| 007 |
qu |
| 008 |
000105s1956 gw ger d |
| 040 |
|
|
|a BOA001
|b cze
|
| 072 |
|
7 |
|a 784
|x Vokální hudba
|2 Konspekt
|9 9
|
| 100 |
1 |
|
|a Victoria, Tomás Luis de,
|d asi 1548-1611
|7 js20031110003
|4 cmp
|
| 245 |
1 |
0 |
|a 15 Motetten
|h [hudebnina]
|c Ludovico da Vittoria ; kritisch-korrekte, modernis. Ausgabe von Hermann Bäuerle
|
| 246 |
3 |
|
|a Fünfzehn Motetten
|
| 260 |
|
|
|a Leipzig :
|b Breitkopf u. Härtel,
|c 1956
|
| 300 |
|
|
|a 52 s.
|
| 490 |
1 |
|
|a Breitkopf & Härtel's Partitur-Bibliothek ;
|v Nr. 1887
|
| 700 |
1 |
|
|a Bäuerle, Hermann,
|d 1869-1936
|7 mzk2011634228
|4 edt
|
| 830 |
|
0 |
|a Breitkopf & Härtel's Partitur-Bibliothek
|
| 910 |
|
|
|a BOA001
|b Mus3-0452.697
|
| 990 |
|
|
|a MU
|
| 991 |
|
|
|b 201003
|
| 996 |
6 |
|
|b 2619746677
|c Mus3-0452.697
|l MZK
|r Sklad / do 1 hodiny
|n 2
|w 000478795
|u 000010
|a 1
|e BOA001
|j MZK50
|s P
|